=LDR 00000nam 2200000 4500 =001 INLIS000000000034554 =005 20130612140445 =008 ***********************************Ind** =035 ##$$a0010-061300000034554 =041 ##$$a Ind =082 ##$$a 808.5 =090 ##$$a 808.5, Fuj s =100 ##$$a Fujishin,Randy =245 ##$$a Smart Public Speaker, Seni Berbicara di Muka Umum, Randy Fujishin; Penerjemah,Ahmad Asnawi =260 ##$$a 2009 $b Jogyakarta =300 ##$$a v,245 hlm., ilus, 23 cm =650 ##$$a Pidato di Depan Umum =850 ##$$a NBPNMAT =990 ##$$a 21194972/BPAP-NTB/2014 =990 ##$$a 21194973/BPAP-NTB/2014 =990 ##$$a 21195540/BPAP-NTB/2014 =990 ##$$a 0001/BPAP-NTB/20142014